[Event "Challenge"]
[Site "http://www.queenalice.com/game.php?id=842131"]
[Date "2010.10.5"]
[Round "-"]
[White "billystar"]
[Black "Tourinho"]
[Result "0-1"]
[WhiteElo "1404"]
[BlackElo "1664"]

1. e4 e5 2. d4 f6 3. Bc4 exd4 4. Qxd4 Nc6 5. Qd1 Bc5 6. Be3 Bxe3 7. fxe3 Nge7 8.
Nc3 a6 9. a3 Ne5 10. Be2 d6 11. h3 Be6 12. b3 Qd7 13. Qd2 N5g6 14. Nf3 h6 15.
Nd4 Bf7 16. Bg4 Qd8 17. Qe2 Ne5 18. Be6 c5 19. Nf5 Nxf5 20. exf5 Bxe6 21. fxe6
O-O 22. Nd5 Re8 23. Nf4 Qe7 24. e4 Kh7 25. O-O Ng6 26. Qf3 Nxf4 27. Qxf4 Qxe6
28. Rae1 Qe5 29. Qh4 Qd4+ 30. Rf2 Re6 31. Kh2 Rae8 32. a4 Rxe4 33. Rxe4 Rxe4 34.
g4 Qe5+ 35. Qg3 Qxg3+ 36. Kxg3 Kg6 37. c4 Kf7 38. a5 Re3+ 39. Rf3 Rxf3+ 40. Kxf3
Ke6 41. Ke3 Ke5 42. Kd3 Kf4 43. Kc3 Kg3 44. b4 Kxh3 45. b5 Kxg4 46. bxa6 bxa6
47. Kd3 f5 48. Ke2 h5 49. Kf2 g5 50. Kg1 Kf4 51. Kf2 g4 52. Kg2 h4 53. Kf2 h3
54. Kg1 g3 55. Kf1 Kf3 56. Ke1 g2 57. Kd2 g1=Q 58. Kd3 h2 59. Kd2 Qe3+ 60. Kc2
h1=Q 61. Kb2 Qg2+ 62. Kb1 Qe1# 0-1

[Event "Challenge"]
[Site "http://www.queenalice.com/game.php?id=865075"]
[Date "2010.11.28"]
[Round "-"]
[White "kinggeorge"]
[Black "Tourinho"]
[Result "0-1"]
[WhiteElo "1292"]
[BlackElo "1662"]

1. e4 e5 2. Nf3 Nc6 3. c4 Nf6 4. c5 Bxc5 5. a3 d6 6. Nc3 Bg4 7. h3 Bh5 8. g4 Bg6
9. Qb3 Rb8 10. Ng5 h6 11. Nf3 Nxe4 12. h4 Nxc3 13. Qxc3 Qd7 14. Bh3 Qe7 15. b4
Bd4 16. Qc2 Bxc2 17. Ra2 Be4 18. Bg2 O-O 19. Ke2 Bxf3+ 20. Bxf3 e4 21. Bg2 d5
22. Kd1 Ne5 23. f4 Nxg4 24. a4 Nf2+ 25. Ke1 Nxh1 26. Bxh1 Qxh4+ 27. Kd1 Qxh1+
28. Kc2 h5 29. Ra1 Bxa1 30. Kb1 Bd4 31. Kc2 Qg2 32. f5 e3 33. f6 Bxf6 0-1

[Event "Challenge"]
[Site "http://www.queenalice.com/game.php?id=865077"]
[Date "2010.11.28"]
[Round "-"]
[White "Strapasson"]
[Black "Tourinho"]
[Result "0-1"]
[WhiteElo "1360"]
[BlackElo "1658"]

1. e4 e5 2. g3 Nf6 3. Bg2 Nc6 4. Qe2 Nd4 5. Qd3 Bc5 6. Nh3 h6 7. O-O d6 8. a4 a6
9. c3 Nb3 10. Ra2 Be6 11. Na3 Nxc1 12. Rxc1 Bxa2 13. c4 Qd7 14. Ra1 Bxc4 15.
Qxc4 O-O 16. Rc1 Rac8 17. a5 Rfe8 18. Qb3 Rb8 19. Nc4 Nxe4 20. Bxe4 d5 21. Qd3
Qxh3 22. Bh7+ Kh8 23. Qf5 Qxf5 24. Bxf5 dxc4 25. Rxc4 Bd6 26. d4 exd4 27. Rxd4
g6 28. Be4 Re5 29. f3 Rxa5 30. b4 Ra4 31. Bd5 Kg7 32. Rf4 Bxf4 33. gxf4 Rxb4 34.
f5 gxf5 35. Kg2 c6 36. Ba2 Rb2+ 0-1

[Event "Challenge"]
[Site "http://www.queenalice.com/game.php?id=899625"]
[Date "2011.2.12"]
[Round "-"]
[White "swhatcher"]
[Black "Tourinho"]
[Result "0-1"]
[WhiteElo "1114"]
[BlackElo "1670"]

1. d4 d5 2. Nf3 Nc6 3. c3 Bg4 4. h3 Bh5 5. g4 Bg6 6. Na3 e6 7. Bg2 Bxa3 8. bxa3
Nge7 9. O-O Qd7 10. h4 h6 11. h5 Bh7 12. g5 hxg5 13. Nxg5 Nf5 14. Qb3 O-O-O 15.
Rb1 b6 16. a4 Na5 17. Qb4 Nh6 18. e3 Bxb1 19. Ba3 Bxa2 20. Qe7 Qxe7 21. Bxe7 Rd7
22. Ba3 Rdd8 23. e4 Rde8 24. exd5 Bxd5 25. f3 Nc4 26. Bc1 f6 27. Ne4 Nf5 28. Kf2
Rxh5 29. Bf4 Bxe4 30. fxe4 Nh4 31. Bh1 Reh8 32. d5 e5 33. Bc1 Ng6 34. Bg2 Rh2
35. Rg1 Nd6 36. Be3 Nxe4+ 37. Kf3 Nxc3 38. Kg4 Nxd5 39. Bxd5 Ne7 40. Be6+ Kb8
41. a5 R8h4+ 42. Kf3 g5 43. axb6 axb6 44. Rb1 e4+ 45. Kg3 Rh1 46. Rb2 Nc8 47.
Bd4 Rh6 48. Bd5 R1h3+ 49. Kg4 Nd6 50. Bxf6 R3h4+ 51. Kg3 Nf5+ 52. Kg2 Rxf6 53.
Bxe4 Rxe4 0-1

[Event "Challenge"]
[Site "http://www.queenalice.com/game.php?id=899626"]
[Date "2011.2.12"]
[Round "-"]
[White "rsanjabi"]
[Black "Tourinho"]
[Result "1-0"]
[WhiteElo "1234"]
[BlackElo "1672"]

1. d4 d5 2. Nc3 Nf6 3. Qd3 e6 4. e4 c6 5. Bg5 Be7 6. e5 b6 7. exf6 gxf6 8. Bh4
f5 9. Qg3 Bxh4 10. Qe5 Bf6 11. Qe3 Ba6 12. Nf3 Bxf1 13. Rxf1 Nd7 14. O-O-O h6
15. Ne5 Nxe5 16. dxe5 Bg5 17. f4 Be7 18. Na4 f6 19. Rf3 fxe5 20. Qxe5 Bf6 21.
Qxe6+ Qe7 22. Qxc6+ Kf7 23. Rg3 d4 24. Qd5+ Qe6 25. Qf3 Qxa2 26. b3 Qa3+ 27. Nb2
Qa1+ 28. Kd2 Qxb2 29. Re1 Rae8 30. Qh5+ 1-0

[Event "Challenge"]
[Site "http://www.queenalice.com/game.php?id=932701"]
[Date "2011.5.1"]
[Round "-"]
[White "swhatcher"]
[Black "Tourinho"]
[Result "0-1"]
[WhiteElo "1112"]
[BlackElo "1644"]

1. d4 d5 2. Nc3 Nf6 3. f3 Bf5 4. g4 Bg6 5. Bf4 e6 6. Nb5 Na6 7. c3 c6 8. Na3
Bxa3 9. bxa3 Qa5 10. Qb3 b5 11. O-O-O O-O 12. e4 dxe4 13. fxe4 Bxe4 14. g5 Nd5
15. h4 Bxh1 16. Qc2 Nxf4 17. c4 Qxa3+ 18. Kb1 Nb4 19. Qh2 Be4+ 20. Ka1 Nc2+ 21.
Qxc2 Bxc2 22. Rd2 Qc3# 0-1

[Event "Challenge"]
[Site "http://www.queenalice.com/game.php?id=932703"]
[Date "2011.5.1"]
[Round "-"]
[White "Mestre16"]
[Black "Tourinho"]
[Result "0-1"]
[WhiteElo "1232"]
[BlackElo "1642"]

1. e3 e5 2. Nf3 Nc6 3. c3 d5 4. h4 Bg4 5. Bd3 e4 6. Bb5 exf3 7. gxf3 Bd7 8. Qb3
Nf6 9. a4 Na5 10. Qa2 a6 0-1

[Event "Challenge"]
[Site "http://www.queenalice.com/game.php?id=932704"]
[Date "2011.5.1"]
[Round "-"]
[White "Qxo2TwoTower"]
[Black "Tourinho"]
[Result "0-1"]
[WhiteElo "1342"]
[BlackElo "1710"]

1. e3 d5 2. d4 Nf6 3. f3 e6 4. c4 c6 5. b3 Be7 6. c5 b6 7. Qc2 bxc5 8. dxc5 Nbd7
9. b4 a6 10. Bd3 Ne5 11. a3 O-O 12. Be2 Rb8 13. f4 Ned7 14. Nh3 Ne4 15. Bd3 Nef6
16. Ng5 g6 17. h4 Nh5 18. Rh3 Bxg5 19. fxg5 e5 20. Be2 Ng7 21. g4 e4 22. Bb2 Qe7
23. h5 Qxg5 24. Bxg7 Kxg7 25. h6+ Kg8 26. Qb2 f6 27. Nd2 Ne5 28. O-O-O Bxg4 29.
Rg3 Nf3 30. Nxf3 exf3 31. Bxf3 Qxe3+ 32. Kb1 Bxf3 33. Qc2 Qe4 34. Rd3 Qe1+ 35.
Kb2 Qxg3 36. Rd2 Qe5+ 37. Kb3 Be4 38. Qb2 Qg3+ 39. Ka2 Qg5 40. a4 Qxh6 41. b5
axb5 42. a5 Ra8 43. Qb4 Qg7 44. Qc3 Qa7 45. Rh2 Qxa5+ 46. Qxa5 Rxa5+ 47. Kb3 f5
48. Ra2 Rxa2 0-1

[Event "Challenge"]
[Site "http://www.queenalice.com/game.php?id=932705"]
[Date "2011.5.1"]
[Round "-"]
[White "Strapasson"]
[Black "Tourinho"]
[Result "0-1"]
[WhiteElo "1356"]
[BlackElo "1708"]

1. e4 e5 2. d4 d6 3. Bb5+ Bd7 4. Qe2 a6 5. Bc4 g6 6. Qf3 Nf6 7. Bg5 Bg7 8. Ne2
O-O 9. O-O h6 10. Qb3 b5 11. Bd5 c6 12. dxe5 dxe5 13. Rd1 cxd5 14. Nbc3 d4 15.
Nd5 hxg5 16. c3 Nxe4 17. cxd4 exd4 18. Qf3 Re8 19. Nxd4 Nc6 20. Nb3 Bxb2 21. Nd2
f5 22. Qb3 Be6 23. Nxe4 Bxa1 24. Ndf6+ Bxf6 25. Rxd8 Raxd8 26. Nxf6+ Kf7 27. Qc2
Kxf6 28. h3 Nd4 29. Qb2 Kf7 30. a4 bxa4 31. Qb7+ Kg8 32. Qxa6 Ra8 33. Qd6 Nb3
34. Qg3 a3 35. Qxg5 Kg7 36. h4 a2 37. h5 a1=Q+ 38. Kh2 Qe5+ 39. g3 Bf7 40. f4
Qe2+ 41. Kh3 Qxh5+ 42. Qxh5 gxh5 43. Kh4 Ra1 44. Kg5 Bg6 45. Kh4 Nd4 46. Kh3
Rh1+ 47. Kg2 Ree1 0-1

[Event "Challenge"]
[Site "http://www.queenalice.com/game.php?id=932707"]
[Date "2011.5.1"]
[Round "-"]
[White "fpferreira"]
[Black "Tourinho"]
[Result "0-1"]
[WhiteElo "1400"]
[BlackElo "1646"]

1. e4 e5 2. d3 Nc6 3. Nf3 h6 4. Nc3 Bb4 5. a3 Ba5 6. b4 Bb6 7. Be2 d6 8. O-O Bg4
9. h3 Bh5 10. Nd5 Nge7 11. Nxb6 axb6 12. d4 Bxf3 0-1

[Event "AUTO-INT-1618"]
[Site "http://www.queenalice.com/game.php?id=956775"]
[Date "2011.7.4"]
[Round "2"]
[White "elsoncg"]
[Black "Tourinho"]
[Result "0-1"]
[WhiteElo "1643"]
[BlackElo "1712"]

1. e4 e5 2. Nf3 Nc6 3. c3 Nf6 4. d4 d6 5. d5 Ne7 6. Na3 Bg4 7. h3 Bh5 8. g4 Bg6
9. Bb5+ Nd7 10. h4 Bxe4 11. O-O Bxd5 12. c4 Be6 13. Nh2 a6 14. Ba4 Ng6 15. h5
Nh4 16. Nf3 Bxg4 17. Bg5 Nxf3+ 18. Qxf3 Bxf3 19. Bxd8 Rxd8 20. Bd1 Bxd1 21.
Raxd1 Nf6 22. h6 g6 23. Nc2 Bxh6 24. Nb4 a5 25. Nd3 O-O 26. Rfe1 b6 27. f3 Nd7
28. a4 f5 29. b4 Rfe8 30. bxa5 bxa5 31. Rb1 Rb8 32. Rb5 c6 33. Rxa5 Ra8 34. Rxa8
Rxa8 35. Ra1 Be3+ 36. Kf1 Nb6 37. Nb2 Bd4 38. Rb1 Nxa4 39. Nd3 Nc3 40. Rc1 c5
41. Ke1 Ra4 42. Rc2 Ra2 43. Rd2 Rxd2 44. Kxd2 g5 45. Nc1 h5 46. Ne2 Nxe2 47.
Kxe2 h4 48. f4 exf4 49. Kf1 g4 0-1

[Event "AUTO-INT-1618"]
[Site "http://www.queenalice.com/game.php?id=956776"]
[Date "2011.7.4"]
[Round "2"]
[White "Tourinho"]
[Black "elsoncg"]
[Result "1-0"]
[WhiteElo "1747"]
[BlackElo "1632"]

1. d4 d5 2. c4 dxc4 3. Nf3 e6 4. Nc3 Nf6 5. Bg5 Na6 6. e3 Be7 7. Bxc4 h6 8. Bh4
Ng4 9. Bxe7 Qxe7 10. h3 Nf6 11. O-O Nd7 12. a3 Nb6 13. Bb3 c6 14. Ne4 Nd7 15.
Rc1 f5 16. Ned2 g5 17. Nc4 g4 18. hxg4 fxg4 19. Nfe5 h5 20. Ng6 Qg7 21. Nxh8
Qxh8 22. Nd6+ Ke7 23. Ne4 Nf6 24. Nd2 h4 25. Qc2 Bd7 26. Ne4 h3 27. g3 h2+ 28.
Kh1 Qh5 29. Nxf6 Kxf6 30. Qe4 Re8 31. Qe5+ Qxe5 32. dxe5+ Kxe5 33. Rcd1 Rd8 34.
Kxh2 c5 35. Bc2 c4 36. Rd4 b5 37. Rxg4 Bc6 38. f4+ Kd6 39. Rd1+ Kc7 40. Rg6 Nc5
41. Rxd8 Kxd8 42. f5 Be4 43. Bxe4 Nxe4 44. Rxe6 Nc5 45. Re5 Nd3 46. Rxb5 a6 47.
Rb6 a5 48. e4 Ne1 49. f6 Nf3+ 50. Kg2 Ne1+ 51. Kh3 Nf3 52. Kg4 Ne5+ 53. Kf5 Nd7
54. Rb5 Kc7 55. Rxa5 Kb6 56. Rd5 Kc6 57. f7 Nf8 58. Kf6 Nd7+ 59. Rxd7 Kxd7 60.
f8=Q Kc6 61. Qb4 Kd7 62. e5 c3 63. bxc3 Kc6 64. c4 Kc7 65. e6 Kd8 66. e7+ Ke8
67. Qb8+ Kd7 68. e8=Q# 1-0

[Event "Challenge"]
[Site "http://www.queenalice.com/game.php?id=986380"]
[Date "2011.9.17"]
[Round "-"]
[White "albemo"]
[Black "Tourinho"]
[Result "0-1"]
[WhiteElo "1880"]
[BlackElo "1725"]

1. c4 Nc6 2. Nc3 e6 3. Nf3 Nf6 4. d4 Bb4 5. Bd2 O-O 6. Qb3 Bxc3 7. bxc3 Na5 8.
Qb4 Nc6 9. Qb3 Na5 10. Qa4 b6 11. Bg5 d6 12. e3 Bd7 13. Qc2 h6 14. Bh4 Nxc4 15.
Bd3 Na3 16. Qb3 Nb5 17. Bxb5 Bxb5 18. c4 Bc6 19. d5 exd5 20. O-O dxc4 21. Qxc4
Bb7 22. Qe2 a5 23. Rac1 Ba6 24. Qc2 Bxf1 25. Kxf1 c5 26. Nd2 b5 27. Ne4 Rc8 28.
Qb2 b4 29. Nxf6+ gxf6 30. Bxf6 Qd7 31. Qe2 Qf5 32. Be7 Rfe8 33. Bxd6 Re6 34. Bf4
Rce8 35. Qb5 Rc8 36. Qxa5 Qd3+ 37. Kg1 Ra6 38. Qxa6 Qxa6 0-1

[Event "Challenge"]
[Site "http://www.queenalice.com/game.php?id=994679"]
[Date "2011.10.8"]
[Round "-"]
[White "adrack"]
[Black "Tourinho"]
[Result "0-1"]
[WhiteElo "1058"]
[BlackElo "1762"]

1. e4 e5 2. Be2 Nf6 3. Nc3 Bb4 4. Nb5 Nxe4 5. c3 Bc5 6. d4 exd4 7. cxd4 Bb6 8.
f3 Nf6 9. Bf4 a6 10. Nc3 O-O 11. Bg5 d5 12. Bxf6 Qxf6 13. Nxd5 Qxd4 14. Qxd4
Bxd4 15. Ne7+ Kh8 16. Nh3 Bxh3 17. gxh3 Bxb2 18. Rb1 Bc3+ 19. Kd1 b5 20. Nd5 Ba5
21. Rc1 Rd8 22. Rc5 c6 23. Kc2 cxd5 24. Rd1 d4 25. Kb3 Bb6 26. Re5 Nc6 27. Re4
f5 28. Re6 Na5+ 29. Kc2 Rdc8+ 30. Kd2 Rab8 31. Ke1 Re8 32. Rd6 Nc4 33. Rc6 Rec8
34. Re6 Ne3 35. Rd3 Rc2 36. Kf2 Rxa2 37. Rc3 Nd1+ 38. Kg3 Nxc3 39. Kf4 Nxe2+ 40.
Kg5 Bd8+ 41. Kxf5 Bf6 42. f4 d3 43. Rd6 d2 44. Ke6 Nd4+ 45. Kd7 Rd8+ 46. Kc7
Rxd6 47. Kxd6 d1=Q 48. Kd7 Nf3+ 49. Ke8 Re2+ 50. Kf7 Qd7+ 51. Kf8 Qe7# 0-1

[Event "Challenge"]
[Site "http://www.queenalice.com/game.php?id=997147"]
[Date "2011.10.14"]
[Round "-"]
[White "hikaritanaka"]
[Black "Tourinho"]
[Result "0-1"]
[WhiteElo "1221"]
[BlackElo "1760"]

1. e4 e5 2. Nf3 Nc6 3. c4 Nf6 4. Ng5 h6 5. Nf3 Nxe4 6. Bd3 Nc5 7. Bf5 d6 8. Bxc8
Qxc8 9. h4 Qf5 10. Rh3 Nd3+ 11. Ke2 Nf4+ 12. Kf1 Nxh3 13. d3 Nf4 14. g3 Qxd3+
15. Qxd3 Nxd3 16. Be3 Nxb2 17. c5 dxc5 18. Nc3 Nc4 19. Bc1 O-O-O 20. Ke1 Be7 21.
a4 Rd3 22. Nxe5 N4xe5 23. Bf4 Rxc3 24. Bxe5 Nxe5 25. a5 Rd8 26. Rd1 Rxd1+ 27.
Kxd1 b5 28. Kd2 b4 29. f4 Nc4+ 30. Ke1 b3 0-1

[Event "Challenge"]
[Site "http://www.queenalice.com/game.php?id=998298"]
[Date "2011.10.16"]
[Round "-"]
[White "AntoniusBlock"]
[Black "Tourinho"]
[Result "0-1"]
[WhiteElo "1229"]
[BlackElo "1758"]

1. d4 d5 2. b3 Bf5 3. Na3 e6 4. Bb2 Nf6 5. Qd2 Nc6 6. O-O-O Ne4 7. Qe3 Be7 8. g3
Bg5 9. f4 Bh6 10. Nf3 Nf6 11. Bc3 Ng4 12. Qd2 Nf2 13. Bg2 Nxh1 14. Bxh1 g6 15.
Nh4 Qf6 16. Nb5 O-O-O 17. Ba5 b6 18. Bb4 Kb8 19. Nf3 a6 20. Na3 Nxb4 21. Qxb4
Bf8 22. Qe1 Bxa3+ 23. Kd2 Be4 24. Ng5 Qxd4# 0-1

[Event "Challenge"]
[Site "http://www.queenalice.com/game.php?id=1001986"]
[Date "2011.10.26"]
[Round "-"]
[White "bronjos"]
[Black "Tourinho"]
[Result "0-1"]
[WhiteElo "1351"]
[BlackElo "1764"]

1. d4 d5 2. Nf3 Nc6 3. e3 Bf5 4. Bb5 e6 5. c4 Ne7 6. Nc3 a6 7. Ba4 Bg4 8. h3 Bh5
9. g4 Bg6 10. Ne2 Be4 11. Nf4 Ng6 12. Nxg6 Bxg6 13. Qb3 Rb8 14. cxd5 exd5 15.
Ne5 Be7 16. Nxg6 hxg6 17. Bd2 b5 18. Bxb5 Rxb5 19. Qa4 Qa8 20. Rc1 O-O 21. O-O
Rfb8 22. Qc2 R8b6 23. e4 Bd8 24. exd5 Nxd4 25. Qe4 Qxd5 26. Qe8+ Kh7 27. Rfe1
Nf3+ 28. Kf1 Nxd2+ 29. Ke2 Re6+ 30. Kd1 Rxe8 31. Rxe8 Nb3+ 32. Kc2 Rc5+ 33. Kb1
Rxc1# 0-1